LIBRARY ONLINE CATALOGUE

Expert LPN Guides Advanced Skills (Record no. 17332)

MARC details
000 -LEADER
fixed length control field 00494nam a22001697a 4500
008 - FIXED-LENGTH DATA ELEMENTS--GENERAL INFORMATION
fixed length control field 181023b xxu||||| |||| 00| 0 eng d
020 ## - INTERNATIONAL STANDARD BOOK NUMBER
International Standard Book Number 1582558310
050 ## - LIBRARY OF CONGRESS CALL NUMBER
Classification number RT62
Item number .L65 2007 c.1
100 ## - MAIN ENTRY--PERSONAL NAME
Personal name Williams, Lippincott
245 ## - TITLE STATEMENT
Title Expert LPN Guides Advanced Skills
Statement of responsibility, etc. Lippincott Williams
260 ## - PUBLICATION, DISTRIBUTION, ETC. (IMPRINT)
Place of publication, distribution, etc. Philadelphia
Name of publisher, distributor, etc. Wolters
Date of publication, distribution, etc. 2007
300 ## - PHYSICAL DESCRIPTION
Extent viii, 309p.
650 ## - SUBJECT ADDED ENTRY--TOPICAL TERM
Topical term or geographic name as entry element Nursing Process
Form subdivision Handbooks
650 ## - SUBJECT ADDED ENTRY--TOPICAL TERM
Topical term or geographic name as entry element Nursing Care
Form subdivision Methods
650 ## - SUBJECT ADDED ENTRY--TOPICAL TERM
Topical term or geographic name as entry element Nursing Practical
942 ## - ADDED ENTRY ELEMENTS (KOHA)
Source of classification or shelving scheme Library of Congress Classification
Koha item type General Collection
Holdings
Withdrawn status Lost status Source of classification or shelving scheme Not for loan Home library Current library Date acquired Cost, normal purchase price Total Checkouts Full call number Barcode Date last seen Date last checked out Price effective from Koha item type
    Library of Congress Classification   Kabarak, Main Campus Kabarak, Main Campus 23/10/2018 4995.00 1 RT62 .L65 2007 c.1 022148 16/08/2021 10/08/2021 23/10/2018 General Collection